| 000 | 00910nam a2200217 a 4500 | ||
|---|---|---|---|
| 001 | BRCA_837 | ||
| 005 | 20190320203154.0 | ||
| 008 | 881102s1986 sp-a---##b---#000-0#spa-# | ||
| 020 | _a8472324044 | ||
| 040 |
_aDLC _cDLC _dDLC |
||
| 050 | 4 |
_aNK7215 _b.O75 1986 |
|
| 245 | 1 | 0 |
_aOrfebrería hispanoamericana, _bsiglos XVI-XIX : obras civiles y religiosas en templos, museos y colecciones españolas. |
| 260 |
_aMadrid _bMuseo de America : Instituto de Cooperación Iberoamericana _c1986 |
||
| 300 |
_a123 p. _bil. (algunas a color) _c29 cm. |
||
| 500 | _aCatálogo de la exposición realizada en el Museo de América (Madrid), diciembre, 1986 | ||
| 504 | _aBibliografía : p. 121-122 | ||
| 650 | 1 | 4 |
_aPlatería religiosa _vExposiciones _zAmérica Latina _92785 |
| 650 | 1 | 4 |
_aPlatería religiosa colonial _vExposiciones _zAmérica Latina _92786 |
| 650 | 1 | 4 |
_aMarcas del contraste _zAmérica Latina _92787 |
| 942 |
_2lcc _cB |
||
| 999 |
_c732 _d732 |
||